Statistics for Past Romanias

Click here to take the quiz!

General Stats

  • This quiz has been taken 15 times
  • The average score is 5 of 9

Answer Stats

HintAnswer% Correct
1989-PresentRomania
100%
1866-1881Romania
100%
82 BC-106Dacian Kingdom
86%
1881-1947Kingdom of Romania
64%
1330-1859Principality of Wallachia
57%
1965-1989Socialist Republic of Romania
21%
1947-1965Romanian People's Republic
14%
1859-1862United Principalities of Moldavia and Wallachia
14%
1862-1866Romanian United Principalities
0%

Score Distribution

Percentile by Number Answered

Percent of People with Each Score

Your Score History

You have not taken this quiz